Statistics for Most Subscribed NBA 2K YouTubers

Click here to take the quiz!

General Stats

  • This quiz has been taken 12,419 times
    (8,254 since last reset)
  • The average score is 8 of 63

Answer Stats

AnswerSubscriber Count% Correct
6JesserTheLazer930,000
68%
3CashnastyGaming1,480,000
61%
1Chris Smoove3,457,000
52%
17LSK443,000
50%
12Troydan658,000
42%
35King of the 4th Quarter151,000
41%
29TDBarrett213,000
34%
7LostNUnbound868,000
32%
48KrispyFlakes109,000
28%
2Prettyboyfredo3,130,000
28%
56DevTakesFlight66,000
26%
20Agent 00334,000
24%
10Mike Korzemba762,000
23%
13OprahSide655,000
21%
5Oprah Sideverson1,018,000
21%
44Jiedel118,000
18%
4QJB1,162,000
16%
9Gento819,000
15%
31Nick Smith203,000
15%
33Nickthebullsfan166,000
15%
24Shake4ndBake283,000
15%
8Shakedown2012822,000
15%
15TDPresents488,000
12%
41JayCanada127,000
10%
51Sixringsofsteel88,000
10%
16ipodkingcarter460,000
9%
11AntoDaBoss758,000
8%
22SoLLUMINATI290,000
8%
14StaxMontana619,000
8%
27Nadexe259,000
7%
34CSB156,000
6%
38Dom2k131,000
5%
23JuiceMan285,000
5%
46NBA Insider115,000
5%
21NykeFaller322,000
5%
25ThatKidKuda282,000
5%
50EpikKai103,000
4%
28HankDaTank25239,000
4%
18KingShawnn428,000
4%
40OrlandoInChicago130,000
4%
52AFunkyDiabetic80,000
3%
47Black9ne111,000
3%
62Legend Of Winning48,000
3%
30ShootEveryone206,000
3%
49ThatWalker107,000
3%
45AiiRxJones117,000
2%
54BrothaJones71,000
2%
57COLETHEMAN63,000
2%
39Fanum130,000
2%
19GoldGlove405,000
2%
58iRunYew54,000
2%
55SDC67,000
2%
36TwoBrothersGaming148,000
2%
61Waffleman6051,000
2%
26xChaseMoney274,000
2%
60Aaerios52,000
1%
63BSOLZ40,000
1%
32DmanUnt2014179,000
1%
59HGPower54,000
1%
42Jayo DaDon124,000
1%
37KSpade146,000
1%
53SamPham73,000
1%
43WitnessGaming122,000
1%

Score Distribution

Percentile by Number Answered

Percent of People with Each Score

Your Score History

You have not taken this quiz since the last reset